书目信息 |
| 题名: |
四季盆花种植
|
|
| 作者: | 陈坤灿 , MyGarden花草游戏编辑部 著 | |
| 分册: | ||
| 出版信息: | 汕头大学出版社 2006.03 |
|
| 页数: | 223页 | |
| 开本: | 26cm | |
| 丛书名: | 绿手指 | |
| 单 册: | ||
| 中图分类: | S688.2 , S68 | |
| 科图分类: | ||
| 主题词: | ||
| 电子资源: | ||
| ISBN: | 7-81036-340-9 | |
| 000 | 00870oam2 2200241 450 | |
| 001 | 1571344864 | |
| 005 | 20150129194943.47 | |
| 010 | @a7-81036-340-9@dCNY35.00 | |
| 100 | @a20070104d2006 em y0chiy0110 ea | |
| 101 | 0 | @achi |
| 105 | @ay z 000yy | |
| 200 | 1 | @a四季盆花种植@9Si Ji Pen Hua Zhong Zhi@f陈坤灿,My Garden花草游戏编辑部著 |
| 210 | @c汕头大学出版社@d2006.03 | |
| 215 | @a223页@d26cm | |
| 225 | 2 | @a绿手指@9Lu Shou Zhi |
| 330 | @a一般花草虽可美化花园,但有时看多了会觉得太平凡,就缺少了那么一份惊喜和亮点.本书介绍60种精致度和观赏价值俱佳的盆花,除教你如何种植之外,还提供与盆器及居家环境搭配应用的各种范例. | |
| 461 | 0 | @12001 @a绿手指 |
| 690 | @aS688.2@v5 | |
| 690 | @aS68@v4 | |
| 701 | 0 | @a陈坤灿@9Chen Kun Can@4著 |
| 701 | 0 | @aMyGarden花草游戏编辑部@9Mygarden Hua Cao You Xi Bian Ji Bu@4著 |
| 801 | 0 | @aCN@bTSSF@c20150129 |
| 905 | @aZUCC@dS68@eJY43 | |
| 四季盆花种植/陈坤灿,My Garden花草游戏编辑部著.-汕头大学出版社,2006.03 |
| 223页;26cm.-(绿手指) |
| ISBN 7-81036-340-9:CNY35.00 |
| 一般花草虽可美化花园,但有时看多了会觉得太平凡,就缺少了那么一份惊喜和亮点.本书介绍60种精致度和观赏价值俱佳的盆花,除教你如何种植之外,还提供与盆器及居家环境搭配应用的各种范例. |
| ● |
| 相关链接 |
|
|
|
|
正题名:四季盆花种植
索取号:S68/JY43
 
预约/预借
| 序号 | 登录号 | 条形码 | 馆藏地/架位号 | 状态 | 备注 |
| 1 | 7862065 | 278620654 | 学院路分馆/ [索取号:S68/JY43] | 在馆 |